000 00650nam a2200217Ia 4500
005 20250508165929.0
008 008 250505s9999 xx 000 0 eng d
020 _a0-7619-9261-8
037 _aTextual
040 _aFEDL
_beng
_cFEDL
041 _aeng
_2eng
084 _a150, DAS
_qFEDL
100 _aDas J P
245 0 _aWorking mind: An introduction to psychology
260 _aNew Delhi, India
_bSage Publications
_c1998
300 _a278p.
365 _aINR
_b395
546 _aAcc. No. 91888 is gifted by HOD Namita Ranganathan in memory of Prof. Arvind Gaysu
942 _cTEXL
_h150, DAS
999 _c1398255
_d1398255